000
00289nam a2200097Ia 4500
082
_a
659.1 AREN
245
0
_a
Contemporary advertising
100
_a
ARENS, William F. Boston, 2009 12th ed., internat. student ed
_9
76414
942
_c
BK
008
210817s9999 xx 000 0 und d
999
_c
254209
_d
254208